000 00379nam a2200145Ia 4500
008 230917s9999||||xx |||||||||||||| ||und||
040 _e46445
_aMAIN
041 _aEnglish
082 _a821.8 Y34R:W
100 _aRajan, Balachandra
245 0 _aW B Yeats: A critical introduction
260 _aLondon
_bHutchinson University Library
_c1965
300 _a207 p.
942 _cBK
999 _c144525
_d144525